| 000 | 01019nam a22003017a 4500 | ||
|---|---|---|---|
| 001 | 8461 | ||
| 003 | FISKH | ||
| 005 | 20250915084633.0 | ||
| 008 | 250915b cb ||||| |||| 00| 0 eng d | ||
| 020 | _a9780545327060 | ||
| 040 |
_aFISKH _beng _cFISKH _dFISKH |
||
| 050 | _aQB209 .A35 | ||
| 082 | _a389.17 | ||
| 100 | _aAdler, David A. | ||
| 245 |
_aTime zones / _cby David A.Adler : illustrated by Edward Miller |
||
| 250 | _aFirst Scholastic printing, December 2010 | ||
| 260 |
_aNew York : _bScholastic , _c2010. |
||
| 300 |
_a31 pages : _bcolor illustrations ; _c25 cm . |
||
| 505 | _aU | ||
| 520 | _aDiscusses the reasons for time differences in different parts of the world and the history behind the division of the world into twenty-four time zones. | ||
| 521 | 8 |
_a850
_bLexile |
|
| 521 | 8 |
_aU
_bRaz-Plus |
|
| 650 |
_aEarth Sun & Moon _vNon-fiction |
||
| 650 |
_aTime zones - history _vNon-fiction |
||
| 700 |
_aMiller, Edward _eIllustrator |
||
| 942 |
_2ddc _cBK _n0 |
||
| 999 |
_c8461 _d8461 |
||